Statistics for All Cities in India Based On Their Gdp

Click here to take the quiz!

General Stats

  • This quiz has been taken 11 times
  • The average score is 3 of 11

Answer Stats

HintAnswer% Correct
100BDelhi
100%
150BWest Bengal
36%
200BGujarat
18%
110BKerala
18%
350BMaharashtra
18%
130BRajasthan
18%
230BTamil Nadu
18%
210BUttar Pradesh
18%
120BAndhra Pradesh
9%
120BMadhya Pradesh
9%
120BTelangana
9%

Score Distribution

Percentile by Number Answered

Percent of People with Each Score

Your Score History

You have not taken this quiz